Parcours de la France en coupe du monde - Statistiques

Statistiques générales
  • Ce quiz a été pris 29 fois
  • Le résultat moyen est 39 sur 76
Statistiques - réponses
Édition Tour Équipe Score % Correct
2018 1/8 de finale Argentine 4-3
92%
2022 Finale Argentine 3-3(4)-(2)
92%
1998 Finale Brésil 0-3
92%
2018 Finale Croatie 4-2
92%
2022 Demi-finale Maroc 2-0
92%
2014 1/4 de finale Allemagne 0-1
88%
2018 Demi-finale Belgique 1-0
88%
2006 Finale Italie 1-1(5)-(3)
88%
2018 1/4 de finale Uruguay 0-2
88%
2022 1/4 de finale Angleterre 1-2
85%
2018 Phase de groupe Danemark 0-0
85%
2006 1/4 de finale Brésil 0-1
81%
2006 1/8 de finale Espagne 1-3
81%
2026 Phase de groupe Sénégal ?
81%
2018 Phase de groupe Australie 2-1
77%
2018 Phase de groupe Pérou 1-0
77%
2006 Demi-finale Portugal 0-1
77%
2002 Phase de groupe Sénégal 1-0
77%
2022 Phase de groupe Tunisie 1-0
77%
2010 Phase de groupe Afrique du Sud 1-2
73%
2022 Phase de groupe Australie 4-1
73%
1998 Demi-finale Croatie 2-1
73%
2014 Phase de groupe Honduras 3-0
73%
2026 Phase de groupe Irak ?
73%
2026 Phase de groupe Norvège ?
73%
2022 1/8 de finale Pologne 3-1
73%
2022 Phase de groupe Danemark 2-1
69%
1998 1/4 de finale Italie 0-0(3)-(4)
69%
2010 Phase de groupe Mexique 0-2
69%
2014 Phase de groupe Suisse 2-5
69%
1998 Phase de groupe Arabie Saoudite 4-0
65%
2014 1/8 de finale Nigeria 2-0
65%
1998 1/8 de finale Paraguay 1-0
62%
2010 Phase de groupe Uruguay 0-0
62%
2006 Phase de groupe Suisse 0-0
58%
1998 Phase de groupe Afrique du Sud 3-0
50%
1982 Demi-finale Allemagne de l'Ouest ‎‎‎ 3-3(5)-(4)
50%
1998 Phase de groupe Danemark 2-1
50%
2002 Phase de groupe Danemark 2-0
50%
2014 Phase de groupe Équateur 0-0
50%
2006 Phase de groupe Togo 0-2
50%
1986 Demi-finale Allemagne de l'Ouest 0-2
46%
1986 1/4 de finale Brésil 1-1(3)-(4)
46%
2006 Phase de groupe Corée du Sud 1-1
46%
1958 Demi-finale Brésil 2-5
42%
2002 Phase de groupe Uruguay 0-0
42%
1958 Match pour la 3e place Allemagne de l'Ouest 3-6
35%
1982 1ère phase de groupe Angleterre 3-1
31%
1978 Phase de groupe Argentine 2-1
31%
1986 Match pour la 3e place Belgique 4-2
31%
1978 Phase de groupe Italie 2-1
31%
1982 Match pour la 3e place Pologne 3-2
31%
1966 Phase de groupe Angleterre 2-0
27%
1930 Phase de groupe Argentine 1-0
27%
1938 1/4 de finale Italie 1-3
27%
1982 1ère phase de groupe Koweït 4-1
27%
1930 Phase de groupe Mexique 4-1
27%
1986 Phase de groupe Canada 1-0
23%
1930 Phase de groupe Chili 1-0
23%
1958 1/4 de finale Irlande du Nord 4-0
23%
1982 2e phase de groupe Irlande du Nord 1-4
23%
1986 1/8 de finale Italie 2-0
23%
1986 Phase de groupe Union Soviétique 1-1
23%
1954 Phase de groupe Yougoslavie 1-0
23%
1958 Phase de groupe Yougoslavie 3-2
23%
1934 1/8 de finale Autriche 3-2
19%
1982 2e phase de groupe Autriche 0-1
19%
1938 1/8 de finale Belgique 3-1
19%
1986 Phase de groupe Hongrie 3-0
19%
1954 Phase de groupe Mexique 3-2
19%
1958 Phase de groupe Paraguay 7-3
19%
1958 Phase de groupe Écosse 2-1
15%
1978 Phase de groupe Hongrie 3-1
15%
1966 Phase de groupe Mexique 1-1
15%
1982 1ère phase de groupe Tchécoslovaquie 1-1
15%
1966 Phase de groupe Uruguay 2-1
15%
Aucun quiz correspondant
Distribution des résultats
% des personnes avec chaque résultat
Percentile par nombre de réponses
Votre historique - résultats
Vous n’avez pas pris ce quiz